000
00302nam a22001337a 4500
008
170614b xxu||||| |||| 00| 0 eng d
020
_a
0131975250
041
_a
eng
080
_a
32
100
_a
19
101
_a
SHP
245
_a
DATA ANALYSIS FOR POLITICS AND POLICY
_c
TUFTE,E.R
942
_2
udc
_c
BK
999
_c
17318
_d
17318